[Event "Budapest FS10 GM"]
[Site "Budapest"]
[Date "1993.??.??"]
[Round "9"]
[White "Dao, Thien Hai"]
[Black "Anic, Darko"]
[Result "1-0"]
[WhiteElo "2565"]
[BlackElo "2440"]
[Annotator "Ribli,Z"]
[PlyCount "89"]
[EventDate "1993.10.??"]
[EventType "tourn"]
[EventRounds "11"]
[EventCountry "HUN"]
[EventCategory "9"]
[SourceTitle "CBM 038"]
[Source "ChessBase"]
[SourceDate "1994.02.01"]
[SourceVersion "1"]
[SourceVersionDate "1994.02.01"]
[SourceQuality "1"]

1. d4 c6 2. c4 d6 3. Nf3 Nd7 4. Nc3 Ngf6 5. e4 e5 6. Be2 Be7 7. O-O O-O 8. Qc2
a6 9. Rd1 Qc7 10. Bg5 Re8 (10... b5 $6 $14 {Poluljahov,A-Shuraev,A/URS-sf/1991/
EXP22/}) 11. Rac1 (11. Rd2 $5 $14 {Kozul,Z-Lobron,E/Vidmar-mem/1989/CBM14/})
11... Nf8 (11... b6 12. Bh4 $5 Bb7 13. c5 $5 $44 {Yusupov,A-Christiansen,L/
GER-CupT/1993/EXP35/INF57,72/}) 12. d5 c5 13. Ne1 $5 (13. a3 {Krings,C-Hickl,J/
Eupen/1993/EXP33/}) 13... Bd7 (13... h6 14. Be3 Ng4 15. Bd2 Ng6 16. g3 $14) 14.
a3 Reb8 15. b4 b6 16. Qd2 (16. g3 $5) 16... Ng6 17. g3 Qd8 18. h4 h6 19. Be3
Ng4 20. Ng2 $1 Qc8 21. Bd3 Nf8 (21... f5 22. exf5 Bxf5 23. Qc2 $14) 22. Rb1 b5
$6 23. bxc5 dxc5 (23... Nxe3 24. Qxe3 Qxc5 25. Qxc5 dxc5 26. cxb5 axb5 27. Nxb5
Bxb5 28. Bxb5 Rxa3 29. Ne3 $16) 24. Na2 (24. cxb5 c4 $13) 24... Bd6 25. Rdc1
Qd8 26. Be2 Nxe3 27. Nxe3 g6 28. Rb2 Nh7 29. Rcb1 Nf6 30. cxb5 (30. Qc2 Qa5 $5)
30... axb5 31. Bxb5 Bxb5 32. Rxb5 Rxb5 33. Rxb5 Nxe4 34. Qc2 Rxa3 35. Nc4 Ra6
36. Qxe4 Rxa2 37. Rb6 $44 Bf8 38. Qxe5 Rc2 (38... Bg7 $2 39. Rb8 $18) 39. Rb8
Qd7 40. Ne3 Rc1+ 41. Kg2 Re1 42. d6 $1 Qc6+ 43. f3 Re2+ 44. Kg1 Rxe3 45. Rxf8+
1-0

[Event "Vienna op"]
[Site "Vienna"]
[Date "1990.??.??"]
[Round "4"]
[White "Kolev, Atanas"]
[Black "Roth, Peter"]
[Result "1/2-1/2"]
[WhiteElo "2445"]
[BlackElo "2335"]
[Annotator "Ribli,Z"]
[PlyCount "60"]
[EventDate "1990.10.??"]
[EventType "swiss"]
[EventRounds "9"]
[EventCountry "AUT"]
[SourceTitle "CBM 021"]
[Source "ChessBase"]
[SourceDate "1991.04.01"]
[SourceVersion "1"]
[SourceVersionDate "1991.04.01"]
[SourceQuality "1"]

1. Nf3 Nf6 2. c4 d6 3. d4 Nbd7 4. Nc3 e5 5. e4 Be7 6. Be2 O-O 7. O-O Re8 8. Qc2
c6 9. d5 (9. Rd1 Qc7 10. Rb1 Bf8 11. Bg5 {Lobron,E-Piasetski,L Manila izt 1990
CBM/19}) 9... c5 10. a3 g6 11. Ne1 h5 12. Nd3 Nh7 13. f4 exf4 14. Bxf4 Nb6 15.
b3 Bf6 16. Rae1 Ng5 17. e5 dxe5 18. Be3 $2 (18. Nxe5 $1 Bf5 19. Bd3 $14) 18...
Bf5 19. Qd2 Nd7 20. Nxc5 Nxc5 21. Bxc5 Ne6 $1 22. Be3 Nd4 23. Bd1 Rc8 24. a4 a6
25. Rf2 Bh4 26. g3 Be7 27. Ne2 Bc5 28. a5 Bg4 29. Ref1 Bh3 30. Nxd4 exd4 $15
1/2-1/2

[Event "Balkaniad"]
[Site "Kavala"]
[Date "1990.??.??"]
[Round "2"]
[White "Marin, Mihail"]
[Black "Kovacevic, Vlatko"]
[Result "1/2-1/2"]
[WhiteElo "2485"]
[BlackElo "2530"]
[Annotator "Ribli,Z"]
[PlyCount "102"]
[EventDate "1990.10.??"]
[EventType "team"]
[EventRounds "6"]
[EventCountry "GRE"]
[SourceTitle "CBM 021"]
[Source "ChessBase"]
[SourceDate "1991.04.01"]
[SourceVersion "1"]
[SourceVersionDate "1991.04.01"]
[SourceQuality "1"]

1. d4 Nf6 2. c4 d6 3. Nc3 e5 4. Nf3 Nbd7 5. e4 Be7 6. Be2 O-O 7. O-O c6 8. Re1
a6 9. Rb1 (9. Bf1 Re8 10. a3 b5 11. b4 {Ruban,V-Serper,G URS-YM Tbilisi 1989
CBM/12}) 9... Re8 10. Bf1 Qc7 11. b4 Nf8 12. h3 Ng6 (12... Bd7 13. Be3 Ng6 {
Xu Jun-Greenfeld,A Thessaloniki ol 1988 46/93}) 13. Be3 h6 14. Qd2 b5 15. d5 $5
cxd5 16. cxd5 Bd7 17. Rec1 Qb7 18. Qd1 Rec8 19. Nd2 Bd8 20. a4 Bb6 21. Bxb6
Qxb6 22. axb5 axb5 23. Qe2 Rab8 24. Nb3 Ne8 25. Na5 Ne7 26. Qe3 Qxe3 27. fxe3
Nc7 28. Bd3 Kf8 29. Kf2 Na6 30. Na2 Ra8 31. Nb7 Rxc1 32. Rxc1 Nc8 33. Rc3 Ke7
34. Ra3 Nb6 35. Na5 Na4 36. Nc6+ Bxc6 37. dxc6 Nc7 38. Bc2 Ra6 39. Bxa4 bxa4
40. Nc3 Rxc6 41. b5 Rxc3 42. Rxc3 Nxb5 43. Rc2 a3 44. g4 Ke6 45. Kf3 g6 46. h4
h5 47. g5 Kd7 48. Kf2 Ke7 49. Kg2 Ke6 50. Kf3 Kd7 51. Kf2 Ke6 1/2-1/2

[Event "Hoogovens op"]
[Site "Wijk aan Zee"]
[Date "1993.01.??"]
[Round "1"]
[White "De Boer, Gert Jan"]
[Black "Van der Wiel, John"]
[Result "1/2-1/2"]
[WhiteElo "2430"]
[BlackElo "2555"]
[Annotator "Ribli,Z"]
[PlyCount "69"]
[EventDate "1993.01.??"]
[EventType "swiss"]
[EventRounds "12"]
[EventCountry "NED"]
[SourceTitle "CBM 034"]
[Source "ChessBase"]
[SourceDate "1993.06.01"]
[SourceVersion "1"]
[SourceVersionDate "1993.06.01"]
[SourceQuality "1"]

1. Nf3 d6 2. d4 Nf6 3. c4 Nbd7 4. Nc3 c6 5. e4 e5 6. Be2 Be7 7. O-O O-O 8. Re1
Qc7 (8... a6 9. a3 Re8 10. Bf1 Bf8 11. b4 b5 (11... exd4 12. Nxd4 Ne5 13. Bg5
Be7 14. Qc2 h6 $13 {Cramling,P-Akopian,V Dos Hermanas 1992 CBM/31}) 12. Qb3 Bb7
13. dxe5 Nxe5 14. Nxe5 dxe5 15. Bg5 h6 16. Bh4 g5 17. Bg3 Nh5 $13 {Panchenko,
A-Zapata,A New York 1992 54/62}) 9. Bf1 a6 10. h3 (10. a3 $5 b5 11. Bg5 Bb7 12.
Rc1 Qb8 13. Rc2 $1 h6 14. Bc1 Re8 15. dxe5 dxe5 16. Nh4 $14 {Illescas Cordoba,
M-Hoffman,A Spain 1992 55/81}) 10... b5 11. a3 Re8 12. Bg5 Bb7 13. Rc1 Qb8 14.
b4 (14. Rc2 $5) 14... Nf8 15. d5 $1 N8d7 16. a4 (16. Qb3 $5 $14 bxc4 17. Bxc4
cxd5 18. Nxd5 Nxd5 19. Bxd5 Bxd5 20. Qxd5 Bxg5 21. Nxg5 Rf8 22. Red1 $16) 16...
bxc4 17. Bxc4 cxd5 18. Nxd5 Nxd5 19. Bxd5 Bxd5 20. Qxd5 Bxg5 21. Nxg5 Rf8 22.
Red1 Qxb4 23. Qxd6 Qxd6 24. Rxd6 Nf6 25. Rc4 Rfd8 26. Rxd8+ Rxd8 27. Rc7 h6 28.
Nxf7 Rd1+ 29. Kh2 Nxe4 30. f3 Nd2 31. Nxe5 Ra1 32. h4 Rxa4 33. Kh3 g5 34. hxg5
hxg5 35. Ng4 1/2-1/2

[Event "St Petersburg-ch"]
[Site "St Petersburg"]
[Date "1998.04.17"]
[Round "10"]
[White "Ivanov, Sergey"]
[Black "Shchukin, Dmitry"]
[Result "1-0"]
[WhiteElo "2570"]
[BlackElo "2390"]
[Annotator "Ribli,Z"]
[PlyCount "115"]
[EventDate "1998.04.07"]
[EventType "tourn"]
[EventRounds "13"]
[EventCountry "RUS"]
[EventCategory "10"]
[SourceTitle "CBM 065"]
[Source "ChessBase"]
[SourceDate "1998.08.06"]
[SourceVersion "1"]
[SourceVersionDate "1998.08.06"]
[SourceQuality "1"]

1. d4 {Hecht} Nf6 2. c4 d6 3. Nc3 Nbd7 4. Nf3 c6 5. e4 e5 6. Be2 Be7 {Die
Altindische Verteidigung verschafft dem Schwarzen eine passive aber feste
Stellung. Ribli.} 7. O-O a6 {Das ist die Lieblingsvariante des Schwarzspielers.
} 8. Be3 {Die klassische Fortsetzung. Weiß beendet die Entwicklung und beginnt
sein Spiel am Königsflügel.} (8. d5) 8... O-O (8... b5 $5 {Das wäre die
logische Fortsetzung, wenn Schwarz schon 7...a6 spielt.} 9. a3 (9. Nd2 exd4 10.
Bxd4 b4 11. Na4 c5 12. Be3 O-O 13. f4 Bb7 14. Bf3 Qc7 $13) 9... Bb7 10. b4 O-O
11. dxe5 dxe5 12. c5 $14 {[%csl Rb7]}) 9. d5 {Ich glaube, dieser Zug bietet
dem Weißen dauerhaften Vorteil dank seines Übergewichts im Zentrum.} cxd5 10.
cxd5 b5 (10... Ng4 11. Bd2 b5 (11... Qe8 12. a4 Bd8 13. a5 b6 14. h3 Ngf6 15.
Be3 bxa5 16. Nd2 Bb6 17. Bxb6 Nxb6 18. Rxa5 Qe7 19. Qa1 Ne8 20. Nc4 Nxc4 21.
Bxc4 Nc7 {Van der Werf,M-Lobron,E/Open, Leeuwarden NED 1997/0-1 (68)}) 12. Ne1
Ngf6 13. Nc2 Nb6 $6 (13... Nc5) 14. Nb4 $1 Bd7 15. Rc1 Rc8 16. b3 $1 $16 {
Shipov,S-Margolin,B/Rethymnon 1995 (19)}) 11. Nd2 {[%csl Gd2][%cal Ge3a7,Ge2a6]
Das ist ein typisches Manöver. Der Springer strebt zum Damenflügel und Schwarz
kann nicht mehr ...Ng4 spielen, um den Läufer e3 zu stören.} Nb6 (11... b4 $6
12. Na4 {[%csl Rb4,Yb6]}) 12. a4 $1 Nxa4 (12... b4 13. a5 $1 bxc3 14. Bxb6 Qe8
15. bxc3 $16) 13. Nxa4 bxa4 14. Rxa4 (14. Qxa4 Bd7 $11) 14... Bd7 15. Ra3 $14 {
Weiß nimmt (noch) nicht auf a6. Der schwarze Bauer a6 bedeutet eine ewige
Schwäche, während Weiß seinen b-Bauern leichter behaupten kann. Die weißen
Leichtfiguren stehen viel aktiver.} (15. Rxa6 Rxa6 16. Bxa6 Ng4 $44 {Schwarz
hat einen Minusbauern, kann sich allerdings das Läuferpaar verschaffen und
erlangt dank seiner starken Kontrolle über die schwarzen Felder Kompensation.}
17. Nc4 Nxe3 18. Nxe3 Qa5 19. Qe2 Rb8 {[%cal Gb8b2]}) (15. Ra2 Qb8 16. f3 Bb5
17. Bxb5 Qxb5 18. Qb3 $14 {Polgar,Zsu-Lobron,E Deutschland Cup 1989 CBM/16})
15... Qb8 (15... Bb5 16. f3 Nh5 17. Bxb5 axb5 18. Rxa8 Qxa8 19. Qb3 Rb8 20. Rc1
Nf4 21. Kf1 h5 22. g3 Ng6 23. Qa3 Bf8 24. Qa7 Qxa7 25. Bxa7 Rb7 26. Bf2 {
1-0 Yakovich,Y-Kremenietsky,A/Moscow-ch 1996 (51)}) (15... a5 16. Qb1 Ng4 17.
Bxg4 Bxg4 18. Rc1 Bd7 19. Nc4 a4 20. Nb6 $14 {1-0 Arkhipov,S-Hickl,J/Lippstadt
1992 (43)}) 16. Rb3 (16. Qb1 Bb5) (16. Qc2 Rc8) (16. Qa1 {Mit der Idee 17.Qa2,
18.Ra1.Ribli.} Bb5) 16... Qe8 (16... Bb5 17. Bxb5 axb5 18. Qe2 {[%csl Rb5]} Ra5
19. Rc1 $14 (19. f3) (19. Nc4 $6 {[%cal Rc4a5]} Ra4 $11 {[%cal Ra4e4]})) 17.
Rb6 Rb8 (17... Qd8 18. Rxa6 (18. Bxa6 Ng4 $5) 18... Rxa6 19. Bxa6 Ng4 $44 {
Das ist dieselbe Stellung wie nach 15.Rxa6 Rxa6 16.Bxa6 Ng4.}) 18. f3 {Weiß
stärkt seinen Bauern e4 und verhindert den eventuelles ...Ng4.} Rxb6 19. Bxb6
Qb8 $11 20. Nc4 Bb5 $6 {Dieser Zug gefällt mir nicht. Der Tausch der
weißfeldrigen Läufer ist für Schwarz wegen der Schwäche des Punktes c6
prinzipiell unglücklich.} (20... Rc8 $5 $11) (20... Bd8 $5 $11 {Das ist ein
typisches Manöver. Der traditionell schlechte schwarzfeldrige Läufer (wegen
der Bauernstruktur e4-d5, e5-d6) kommt auf der Diagonalen d8-a5 ins Spiel.})
21. Bf2 Bxc4 (21... Nd7 22. Na5 {[%csl Yc6][%cal Ga5c6]}) (21... Bd8 $5 {
Schwarz möchte, wenn es möglich ist, die schwarzfeldrigen Läufern mit ...Bb6
tauschen.}) 22. Bxc4 Qxb2 23. Qa1 $44 {Schwarz besitzt noch einen Mehrbauern,
der aber nicht zu halten ist.} Qxa1 24. Rxa1 Rc8 (24... Ra8 25. Rxa6 (25. Bxa6
$2 Nd7 $11 {[%cal Ga8a1]}) 25... Rxa6 26. Bxa6 $14) 25. Bd3 Ra8 (25... Nd7 26.
Rxa6 (26. Bxa6 Ra8 27. Ra2 Nc5 28. Bc4 Rxa2 29. Bxa2 $11) 26... Nc5 27. Rc6 $14
{[%csl Gc6]} (27. Bxc5 $6 Rxc5 28. Ra8+ Bf8 $11) 27... Rxc6 28. dxc6 {[%csl
Gc6]}) 26. Rxa6 Rxa6 27. Bxa6 $14 {Hecht [#] Features: a blocked central
position with space advantage for White, which will be used to infiltrate on
the queenside. Play at the end versus a stalemated knight. Weiß besitzt das
Läuferpaar und Raumvorteil, aber das Material ist reduziert, und so sollte
sich Schwarz erfolgreich verteidigen können. [#] Merkmale: blockierte
Zentralstellung mit Raumvorteil für Weiß, der genutzt wird, um am Damenflügel
einzusickern. Schlußspiel gegen einen Pattspringer.} Bd8 (27... Nd7 $14 {
[%cal Gd7c5]}) 28. Kf1 {[%csl Rd6][%cal Rf1e2,Re2d3,Rd3c4,Rc4b5,Rb5c6] Weiß
plant natürlich, mit dem König am Damenflügel einzudringen. Der schwarze Bauer
d6 ist schwach.} Kf8 29. Ke2 Ke7 30. Kd3 Nd7 {Schwarz bereitet Läufertausch
mittels 31...Bb6 vor und strebt mit dem Springer nach c5.} 31. Kc4 Bb6 (31...
Nc5 32. Bc8 $14 (32. Bxc5 $6 {Weiß gewinnt einen Bauern, kommt aber wegen der
ungleichfarbigen Läufer nicht weiter voran.} dxc5 33. Kxc5 Bc7 $11)) 32. Bh4+ (
32. Bxb6 $6 Nxb6+ $11) 32... f6 33. Be1 Kd8 $5 (33... Bg1 34. h3 (34. h4 $5)
34... Nc5 35. Bc8 Kd8 36. Bg4 $14 (36. Bf5 g6 37. Bg4 h5 38. Be6 Nxe6 39. dxe6
Ke7 40. Kd5 Bc5 {[%csl Gd5,Rd6,Ge6,Re7] Schwarz hat eine passive Stellung,
aber er kann stets entweder ...Bb4 oder ...Ba3 spielen, während der weiße
König wegen der Bauernschwäche e6 auf d5 bleiben muß.})) 34. Bb7 Bg1 35. h4 Bc5
36. Kb5 {[%csl Gb5]} Nf8 $6 (36... Kc7 $5 37. Bc6 Nb6 38. Ba5 Bf2 {[%csl Rb6]
Die Fesselung ist unangenehm, aber ich kann nicht sehen, wie Weiß vorankommt.})
37. Kc6 {[%csl Gc6,Rd6,Rf8]} Ng6 38. Ba5+ {[%csl Ga5,Gb7,Gc6,Rd6]} Ke7 39. g3 {
[%csl Rg6] Das nimmt dem Springer alle aktiven Möglichkeiten.} Nh8 (39... Bf2
40. Bb4 $16 {[%csl Rd6] Weiß gewinnt den entscheidenden Bauern.}) 40. Bc8 $2 (
40. Be1 $14) 40... Nf7 $2 (40... Bf2 $1 {[%csl Rg3,Rh4]} 41. Bb4 Nf7 42. Be6
Nd8+) 41. Be1 Nd8+ 42. Kc7 Nf7 43. Be6 {Weiß droht 44.Bxf7 nebst 45.Kd7 zu
spielen und mit dem Läufer nach c7 kommen. Dann gewinnt er entscheidend den
Bauern d6.} Nh8 $2 (43... Nd8 $14) 44. h5 $16 {[%csl Rh8] Dem schwarzen
Springer ist leider der Rückweg aus der Ecke versagt, denn nach 44...Nf7 folgt
45.Bxf7 Kxf7 46.Kd7 mit Gewinn des Bauern d6.} h6 (44... g6 45. g4 (45. h6 $2
g5 46. Bf5 Nf7 $11 {[%cal Rf7h6]} (46... Ng6 $4 47. Bxg6 hxg6 48. h7 $18))) 45.
Kc6 Ke8 {Schwarz spielt eigentlich ohne Springer, denn der Befreiungszug ...
Nf7 verliert.} 46. g4 {[%csl Rh8]} Kd8 47. Bd2 Ke7 48. Ba5 Ke8 49. Kb5 $1 {
Weiß tauscht die Läufer und entscheidet die Partie durch Zugzwang.} (49. Bc7
Ke7 50. Bb8 Ba3) 49... Ke7 50. Bb4 Bxb4 (50... Ba7 51. Kc6 Bb8 52. Ba3 $22 $18
{[%csl Ga3,Rb8,Gc6,Rd6,Ge6,Re7,Rh8]}) 51. Kxb4 {Hecht [#] Black loses the d6
pawn by zugzwang, due to the stalemated knight. [#] Wegen des pattgesetzten
Springers verliert Schwarz infolge Zugzwangs den Bd6} g6 (51... Nf7 52. Bxf7
Kxf7 53. Kb5 Ke8 (53... Ke7 54. Kc6 $18) 54. Kc6 Ke7 55. Kc7 $18) (51... Kd8
52. Ka5 Kc7 53. Ka6 g6 54. Ka7 $22 $18 (54. hxg6 $4 Nxg6 $17 {[%cal Rg6h4,
Rh4f3]}) (54. Ka7 {Hecht} g5 55. Ka6 $18)) 52. Kb5 f5 {Schwarz, der in sehr
schwieriger Stellung schon nichts mehr zu verlieren hat, beginnt im Trüben zu
fischen.} 53. Kc6 $22 $18 (53. exf5 gxh5 54. gxh5 Nf7 55. Bxf7 Kxf7 56. Kc6 $18
) (53. gxf5 $2 gxh5 $132 {[%csl Gh5]}) 53... Kf6 (53... gxh5 54. gxh5 $18 {
[%csl Rh8]}) (53... fxe4 54. fxe4 $18 {[%csl Rh8]}) 54. Kxd6 Kg5 55. Kxe5 fxg4
56. fxg4 gxh5 57. gxh5 Kxh5 58. Kf5 $1 {und Schwarz gab die verlorene Stellung
auf.} (58. Kf5 $1 Ng6 (58... Kh4 59. d6 $18 {[%csl Gd6]}) 59. Bf7 $18 {[%cal
Rf7h5]}) 1-0

[Event "St Petersburg-ch"]
[Site "St Petersburg"]
[Date "1998.04.10"]
[Round "4"]
[White "Popov, Valerij"]
[Black "Shchukin, Dmitry"]
[Result "1-0"]
[WhiteElo "2505"]
[BlackElo "2390"]
[Annotator "Ribli,Z"]
[PlyCount "70"]
[EventDate "1998.04.07"]
[EventType "tourn"]
[EventRounds "13"]
[EventCountry "RUS"]
[EventCategory "10"]
[SourceTitle "CBM 065"]
[Source "ChessBase"]
[SourceDate "1998.08.06"]
[SourceVersion "1"]
[SourceVersionDate "1998.08.06"]
[SourceQuality "1"]

1. d4 Nf6 2. c4 d6 3. Nc3 Nbd7 4. e4 e5 5. Nf3 c6 6. Be2 Be7 {Dieser Läuferzug
führt in die Atindische Verteidigung. Anstelle der Partiefortsetzung kann
Schwarz mit 6...g6 und 7...Bg7 auch die Königsindische Verteidigung wählen.
Ribli.} 7. O-O a6 {Eine interessante Idee. Schwarz rochiert (noch) nicht, denn
er möchte die Zeit für sofortige Aktionen am Damenflügel nutzen.} 8. Nh4 $5 {
[%cal Gh4f5] Im Falle von 7...0-0 wäre dieser Zug nicht gut.} exd4 (8... g6 {
ist meine Empfehlung, reicht aber nicht für vollen Ausgleich.} 9. Bh6 Qb6 (9...
Bf8 10. Bxf8 Kxf8 11. Qd2 Kg7 12. f4 (12. dxe5 dxe5 13. Qg5 Re8 14. Nf5+ Kg8
15. Nd6 Re6 16. Rad1 Qb6 17. Rd2 Nc5 18. Qe3 Bd7 19. Nxb7 Qxb7 20. Qxc5 {
Tesic,D-Vratonjic,S/JUG-ch 1991/1-0 (52)}) 12... exd4 13. Qxd4 Qb6 14. Qxb6
Nxb6 15. Bd3 a5 16. Nf3 Nfd7 17. b3 Nc5 18. Bc2 Be6 19. f5 gxf5 20. exf5 Bd7
21. Rad1 {1-0 Dreev,A-Serper,G/WchJM U20 1989 (43)}) 10. Nf3 (10. dxe5 dxe5 11.
Rb1 $5) 10... Ng4 11. Bc1 O-O 12. h3 Ngf6 13. c5 Qc7 14. cxd6 Qxd6 15. Be3 Re8
16. Qc2 exd4 17. Bxd4 c5 18. Be3 Qc7 19. Rad1 b6 20. Qd2 Bb7 21. Bf4 Qc6 22. e5
Nh5 23. Bc4 {1-0 Miles,A-Larsen,B/Phillips&Drew 1980 (32)}) (8... O-O 9. Nf5 b5
(9... Re8 10. Nxe7+ Qxe7 11. Bg5 h6 12. Bh4 Nf8 13. Bg3 g5 14. c5 {Basin,
L-Diebert,C/Chicago op 1990/1-0 (74)}) 10. Bg5 h6 11. Bh4 Re8 12. cxb5 cxb5 13.
dxe5 dxe5 14. Nd5 Bf8 15. Rc1 {1-0 Sherbakov,R-Borisenko,A/Novgorod op 1995 
(28)}) (8... Nxe4 $2 {[%cal Re7h4]} 9. Nxe4 Bxh4 10. Nxd6+ $16 {[%csl Re8]}) 9.
Qxd4 {[%cal Gh4f5]} Qb6 {Schwarz möchte sich durch Damentausch entlasten.} (
9... Nc5 10. Nf5 Bxf5 11. exf5 a5 12. g4 O-O 13. g5 Nfd7 14. h4 f6 15. f4 {
1-0 Savchenko,S-Suetin,A/Groningen op 1993 (41)}) 10. Qxb6 $5 {Weiß tauscht
freiwillig, damit der schwarze Springer unglücklich auf b6 steht.} (10. Nf5
Qxd4 11. Nxd4 $14) (10. Be3 Qxd4 11. Bxd4 $14) (10. Qd3 $6 Nc5 11. Qc2 a5 $11 {
[%csl Gc5,Rh4]}) 10... Nxb6 11. Be3 {[%csl Rb6]} c5 (11... Nbd7 12. Nf5 {
[%csl Rd6,Re8,Gf5,Rg7]} g6 13. Nxe7 Kxe7 14. Rad1 $16 {[%csl Rd6,Ge3,Re7]}) 12.
h3 $5 {Weiß beugt dem Zug12...Ng4 vor.} Be6 (12... Nxe4 $2 13. Nxe4 Bxh4 14.
Nxd6+ $16 {[%cal Re3c5,Rd6e8]}) 13. b3 O-O-O (13... Nxe4 14. Nxe4 Bxh4 15.
Nxd6+ $16 {[%csl Rc5]}) 14. f4 $1 Nfd7 (14... Nxe4 15. Nxe4 Bxh4 16. f5 d5 (
16... Bd7 17. Nxd6+ $18 {[%cal Rd6c8,Rd6f7,Rf7d8,Rf7h8]}) 17. fxe6 (17. Nxc5
Bd7 18. Nxd7 Nxd7 19. cxd5 $16) 17... dxe4 18. Bxc5 $18 {[%csl Rb6,Gc5,Ge6,Rf7]
}) 15. Nf3 f5 $6 {Dieser Zug gefällt mir nicht. In schlechter Stellung möchte
Schwarz demonstrieren, daß er auch aktiv spielen kann. Er erleichtert dem
Weißen so dessen Aufgabe.} (15... f6 $14 {Weiß hat Raumvorteil und die bessere
Figurenkoordination, wobei das Feld d5 schwach ist, aber Schwarz kann sich
noch verteidigen.}) 16. Ng5 $6 {Weiß verschafft sich das Läuferpaar, aber
Schwarz wird zunächst entlastet.} (16. exf5 $5 Bxf5 17. g4 Bf6 18. Rac1 Bxc3
19. Rxc3 Be4 20. Ng5 $16 {[%csl Rb6,Rd6,Rd7,Gg5][%cal Rg5f7,Rf7h8,Rf7d8,Rg5e4]}
) 16... Bxg5 17. fxg5 g6 18. exf5 gxf5 $6 {[%csl Rf5] Dieser Zug gefällt mir
nicht. Der Bauer f5 ist eine neue Schwäche.} (18... Bxf5 $5 19. Rad1 Rhe8 20.
Bf4 $14) 19. Bd3 {[%cal Rd3f5]} Rhf8 20. Bc2 Kc7 21. Rf2 {[%csl Rf5][%cal
Ra1f1,Rf1f5]} Nc8 {Der Springer stand sehr schlecht auf b6, zielt jetzt nach
e7 und kann den Bauern f5 decken.} 22. Raf1 Ne7 23. a4 {Ein prophylaktischer
Zug mit dem Weiß das eventuelle schwarze Gegenspiel am Damenflügel (...b7-b5)
verhindert.} Rf7 24. Ne2 $1 {[%cal Ge2f4]} Ne5 25. Nf4 {[%csl Yd5,Gf4][%cal
Rf4e6]} Bd7 26. Rd1 {[%csl Rd6]} Rdf8 27. Re2 $5 {[%csl Ge2,Re5][%cal Re3c5]
Weiß droht 28.Bxc5 dxc5 28.Rxe5 mit Bauerngewinn.} (27. Rfd2 Nc8) 27... N7g6 $2
(27... Kc6 $14) (27... b6 $5 28. a5 bxa5 29. Bxc5 Nxc4 $1 $13) 28. Red2 $16 {
[%csl Rd6][%cal Rd1d6] Wegen seines Fehlers 27...Ng6? kann Schwarz seinen
Bauern d6 nicht verteidigen.} Re8 29. Rxd6 Nxc4 (29... Nf3+ 30. gxf3 (30. Kf2
$6 Nd4 31. Rxg6 hxg6 32. Bxd4 $14) 30... Rxe3 31. Rxg6 $1 $18 {[%cal Rf4d5,
Rd5e3,Rd5c7]}) (29... Bc6 30. Ne6+ $18 {[%csl Rc5,Rc7,Gd1,Gd6,Ge3,Ge6]}) (29...
Nxf4 30. Bxf4 Bc6 31. Rf6 $18 {[%csl Rc7,Re5,Gf4,Gf6]}) 30. bxc4 Rxe3 31. Rxg6
$1 $18 {[%cal Rf4d5,Rd5e3,Rd5c7] Mit dieser kleinen Kombination gewinnt Weiß
eine Figur. Schwarz hat keinerlei Kompensation.} Bc6 32. Rf6 Rfe7 33. Nd5+ Bxd5
34. cxd5 {[%cal Rd5d6,Rd6e7,Rd6c7] Weiß gewinnt leicht. Es hängt f5 und zudem
droht die Gabel 35.d5-d6.} Re1+ 35. Rxe1 Rxe1+ {und Schwarz gab in
chancenloser Stellung auf.} 1-0

[Event "Vienna op"]
[Site "Vienna"]
[Date "1990.??.??"]
[Round "8"]
[White "Danailov, Silvio"]
[Black "Roth, Peter"]
[Result "1-0"]
[WhiteElo "2460"]
[BlackElo "2335"]
[Annotator "Ribli,Z"]
[PlyCount "65"]
[EventDate "1990.10.??"]
[EventType "swiss"]
[EventRounds "9"]
[EventCountry "AUT"]
[SourceTitle "CBM 021"]
[Source "ChessBase"]
[SourceDate "1991.04.01"]
[SourceVersion "1"]
[SourceVersionDate "1991.04.01"]
[SourceQuality "1"]

1. Nf3 Nf6 2. c4 d6 3. d4 Nbd7 4. Nc3 e5 5. e4 Be7 6. Be2 O-O 7. O-O c6 8. Be3
$5 Qc7 (8... Ng4 9. Bd2 $14 {Polgar,Zsu-Oll,L Debrecen 1990 CBM/20}) 9. d5 $1
$14 c5 10. Nd2 Ne8 11. Rb1 g6 12. b4 cxb4 13. Rxb4 Nc5 14. Nb3 Bd7 15. Bh6 $1
Ng7 16. Nxc5 $1 dxc5 17. Rb2 Rfd8 18. d6 $1 Qxd6 19. Qxd6 Bxd6 20. Bg5 Bc6 (
20... Rdb8 21. Rd1 Ne8 22. Rbd2 $18) 21. Bxd8 Rxd8 22. Bg4 $1 f5 23. Bf3 f4 24.
Bg4 h5 25. Bh3 Bf8 26. Nd5 Kf7 27. Rd1 b6 28. f3 Ne8 29. Rbd2 Bh6 30. a4 Bf8
31. a5 b5 32. cxb5 Bxb5 33. Nc3 1-0